000 01031nam0a22002651 4500
001 rc\4898616
005 20250613032942.0
021 _aRU
_b[58-47618]
035 _a(NLR Aleph) 008927302
090 _a8862206
_c8862206
100 _a20130426d1958 |||y0rusy50 ca
101 0 _arus
102 _aRU
105 _aa z |||||
200 1 _aВыбор параметров и расчет газовой турбины
_eУчеб. пособие
_fМ-во высш. образования СССР. Моск. ордена Ленина авиац. ин-т им. Серго Орджоникидзе
210 _aМосква
_cОборонгиз
_d1958
215 _a104 с.
_cчерт.
_d23
606 _aГазовые турбины
_xРасчет
_2psbo
700 1 _aХолщевников
_bК.В.
_f1906-1971
_gКонстантин Васильевич
701 1 _aЕмин
_bО.Н.
_gОлег Наумович
801 0 _aRU
_bNLR
_gpsbo
801 1 _aRU
_bELAR
_2rusmarc
852 _aNLR
_j58-5/3372
942 _cBOOK
980 _aNB